| 000 | 00347nam a22001337a 4500 | ||
|---|---|---|---|
| 008 | 170612b xxu||||| |||| 00| 0 eng d | ||
| 020 | _a9780850927528 | ||
| 041 | _aeng | ||
| 080 | _a32 | ||
| 100 | _a19 | ||
| 101 | _aSHP | ||
| 245 |
_aGENDER MAINSTREAMING IN POVERTY ERADICATION AND THE MILLENNIUM DEVELOPMENT GOALS _cKABEER,N |
||
| 942 |
_2udc _cBK |
||
| 999 |
_c16837 _d16837 |
||